000 00297nam a2200121Ia 4500
008 190216s9999||||xx |||||||||||||| ||und||
100 _aNakarni And Ramesh Bat S
245 0 _aPulse Transformers
260 _bTata Mcgrawhill Publishers
_c1985
300 _a158p
650 _aPhysics
942 _cBK
999 _c33032
_d33032